00564nam a2200181Ia 450000500170000000800410001702000150005808200140007310000230008724500450011026000610015530000130021665000130022965000200024294200060026295200990026899900150036720240604010224.0240331s9999 xx 000 0 und d a955580057x bUyYAa342 aUyangoda, Jayadeva 0aQuestions of Sri Lanka's minority rights aColombobInternational Centre for Ethanoic Studiesc2001 a142 p ., aPolitics aMinority Rights cL 001040708LaWERCLbWERCLcSSCd2024-03-31l0o 342.02 UyYAp4314r2024-03-31w2024-03-31yL c2838d2838